00853cas a22002657a 450000500170000000800410001701000100005801100100006802200140007803500100009224500390010224600090014126000590015030000160020931000150022536200180024086600560025886600580031486600580037286600550043086600210048586600300050686600230053686600280055920220127135804.0981215c1989 my qn p rnn 0 0b1eng d a76879 a77851 a0128-1283 a8755800aJournal of Tropical Forest Science aJTFS0 aMalaysia :bForest Research Institute Malaysia,c1989- av. :bilus. aTrimestral av.10 n.3,1998 av. 10 n. 3 (March 1998) - v. 14 n. 4 (October 2002) av. 15 n. 1 (January 2003) - v. 15 n. 4 (October 2003) av. 18 n. 1 (January 2006) - v. 21 n. 4 (October 2009) av. 22 n. 1 (January 2010) - v. 22 n. 3 (July 2010) av.6 n.4 - (1994) av.7 n.1,3-4 - (1994-1995) av.8 n.1-2 - (1995) av.9 n.1-4 - (1996-1997)